000
00295nam a2200121Ia 4500
008
220204s9999 xx 000 0 und d
082
_a
330.567.22
_b
HIR
100
_a
HIRST, I R C
245
0
_a
Consumer society
260
_a
London
_b
Tavistock
_c
1977
700
_a
REEKIE, Duncan W
942
_c
BK
999
_c
27979
_d
27979